HCHS Authors by Work 10 (Fiction) Quiz Stats

 Plays Quiz not verified by Sporcle

Score 0/50 Timer 10:00
0 Plays Today
Work Author % Correct
The Knight's TaleGeoffrey Chaucer
97.4%
A Journey to the Center of the EarthJules Verne
96.2%
Love's Labour's LostWilliam Shakespeare
94.9%
The Pit and the PendulumEdgar Allan Poe
93.6%
The Hitchhiker's Guide to the GalaxyDouglas Adams
93.6%
The Masque of the Red DeathEdgar Allan Poe
91%
King JohnWilliam Shakespeare
91%
A Wrinkle in TimeMadeleine L'Engle
87.2%
The Man in the Iron MaskAlexandre Dumas
85.9%
She Walks in BeautyLord Byron
84.6%
Watership DownRichard Adams
84.6%
The PioneersJames Fenimore Cooper
83.3%
Foundation seriesIsaac Asimov
82.1%
The Bald SopranoEugene Ionesco
82.1%
Mrs. Warren's ProfessionGeorge Bernard Shaw
82.1%
The BellsEdgar Allan Poe
82.1%
Cancer WardAleksandr Solzhenitsyn
80.8%
Le Morte d'ArthurThomas Malory
80.8%
The PersiansAeschylus
79.5%
To a SkylarkPercy Shelley
79.5%
To a MouseRobert Burns
79.5%
The Weary BluesLangston Hughes
78.2%
The Ransom of Red ChiefO. Henry (William Sydney Porter)
78.2%
A Good Man Is Hard to FindFlannery O'Connor
76.9%
The Tenth Muse Lately Sprung Up in AmericaAnne Bradstreet
75.6%
Work Author % Correct
Crossing Brooklyn FerryWalt Whitman
75.6%
The Vicar of WakefieldOliver Goldsmith
74.4%
John Brown's BodyStephen Vincent Benet
73.1%
Prometheus UnboundPercy Shelley
71.8%
Lady Windmere's FanOscar Wilde
71.8%
The Marble FaunNathaniel Hawthorne
71.8%
The Scarlet PimpernelBaroness Orczy
70.5%
The Death of the Hired ManRobert Frost
69.2%
The Piano LessonAugust Wilson
69.2%
The Lower DepthsMaxim Gorky
66.7%
Absalom and AchitophelJohn Dryden
65.4%
Sanctuary William Faulkner
64.1%
The 42nd ParallelJohn Dos Passos
64.1%
ClarissaSamuel Richardson
64.1%
Leda and the SwanWilliam Butler Yeats
62.8%
Samson AgonistesJohn Milton
61.5%
The BridgeHart Crane
60.3%
The Gift OutrightRobert Frost
59%
Tobacco RoadErskine Caldwell
59%
The DunciadAlexander Pope
57.7%
The Heart of MidlothianSir Walter Scott
57.7%
DisgraceJ.M. Coetzee
55.1%
The RivalsRichard Sheridan
53.8%
HermioneH.D. (Hilda Doolittle)
48.7%
Barbara FrietchieJohn Greenleaf Whittier
39.7%

You're not logged in!

Compare scores with friends on all Sporcle quizzes.
OR
Log In

Show Comments

Extras

Created Aug 14, 2015ReportNominate
Tags:Author Quiz, fiction

Top Quizzes Today


Score Distribution

Your Account Isn't Verified!

In order to create a playlist on Sporcle, you need to verify the email address you used during registration. Go to your Sporcle Settings to finish the process.

Report this User

Report this user for behavior that violates our Community Guidelines.

Details: